[Event "BL2-N9697"]
[Site "Germany"]
[Date "1997.??.??"]
[Round "?.1"]
[White "Kalinitschew, Sergey"]
[Black "Murdzia, Piotr"]
[Result "1-0"]
[WhiteElo "2520"]
[BlackElo "2425"]

1.d4 Nf6 2.Nf3 e6 3.c4 Bb4+ 4.Bd2 Qe7 5.g3 O-O 6.Bg2 Bxd2+ 7.Qxd2 d6 8.Nc3 e5
9.O-O h6 10.Nd5 Nxd5 11.cxd5 e4 12.Ne1 f5 13.Nc2 Nd7 14.f3 exf3 15.exf3 f4
16.Rfe1 Qg5 17.gxf4 Qxd5 18.Re7 Qf5 19.Rae1 Nf6 20.Bf1 Kh8 21.Qg2 Rg8 22.Bc4 d5
23.R1e5 Qxf4 24.Bd3 Qc1+ 25.Re1 Qf4 26.Qg3 Qxg3+ 27.hxg3 Bd7 28.Bg6 c6 29.Ne3 Rgf8
30.Ng2 Kg8 31.Nf4 Be8 32.Ne6 Bxg6 33.Rxg7+ Kh8 34.Rxg6 Kh7 35.Rg7+ Kh8 36.Rxb7 Rfe8
37.Re2 a5 38.g4 Nh7 39.Kf2 a4 40.f4 Nf6 41.Kf3 Ne4 42.f5 a3 43.Rh2  1-0

[Event "BL2-N9697"]
[Site "Germany"]
[Date "1997.??.??"]
[Round "?.3"]
[White "Paulsen, Dirk"]
[Black "Dankert, Peter"]
[Result "1/2-1/2"]
[WhiteElo "2365"]
[BlackElo "2305"]

1.d4 Nf6 2.c4 e6 3.Nf3 Bb4+ 4.Bd2 Qe7 5.g3 O-O 6.Bg2 Bxd2+ 7.Qxd2 Ne4 8.Qc2 Qb4+
9.Nbd2 Nxd2 10.Nxd2 Nc6 11.e3 Qe7 12.a3 d6 13.b4 e5 14.b5 Nb8 15.O-O Nd7
16.Qc3 Nf6 17.dxe5 dxe5 18.Qb4 Re8 19.Ne4 Nxe4 20.Bxe4 Rb8 21.Rfd1 Qf6 22.c5 Bf5
23.Rd2 g6 24.Rad1 Bg4 25.Rc1 h5 26.Kg2 h4 27.h3 Be6 28.g4 Qg5 29.Bd5 Qf6
30.Qe4 a6 31.a4 axb5 32.axb5 Bxd5 33.Rxd5 Ra8 34.Rcd1 Ra5 35.Qc4 Rea8 36.R1d2 Ra4
37.Qe2 b6 38.c6 Rb4 39.Qf3 Qe6 40.Rd8+ Rxd8 41.Rxd8+ Kg7 42.Qd5 Qf6 43.Re8 Rb2
44.Qxe5 Rxf2+ 45.Kg1 Rf1+  1/2-1/2

[Event "BL2-S9798"]
[Site "Germany"]
[Date "1997.??.??"]
[Round "?.4"]
[White "Kraai, Jesse"]
[Black "Grathwohl, Roland"]
[Result "1-0"]
[WhiteElo "2345"]
[BlackElo "2290"]

1.d4 Nf6 2.c4 e6 3.Nf3 Bb4+ 4.Bd2 a5 5.g3 b6 6.Bg2 Bb7 7.O-O O-O 8.Bf4 Be7
9.Qd3 d6 10.Nc3 Na6 11.Rad1 Qc8 12.e4 e5 13.dxe5 Nc5 14.Qc2 Nfxe4 15.Nd5 Bxd5
16.Rxd5 f6 17.exf6 Nxf6 18.Rd2 Qa6 19.Ng5 b5 20.Re2  1-0

[Event "Landesliga Sued 9697 Bayern"]
[Site "Germany"]
[Date "1997.??.??"]
[Round "?"]
[White "Lang, Zalan Andreas"]
[Black "Anka, Emil"]
[Result "1-0"]
[WhiteElo "2170"]
[BlackElo "2400"]

1.d4 Nf6 2.c4 e6 3.Nf3 Bb4+ 4.Bd2 Qe7 5.g3 Nc6 6.Bg2 Bxd2+ 7.Nbxd2 d6 8.O-O a5
9.e4 e5 10.d5 Nb8 11.Ne1 h5 12.Nd3 h4 13.Qa4+ Bd7 14.Qa3 hxg3 15.hxg3 b6
16.b4 Ng4 17.Rfe1 Ra6 18.c5 axb4 19.Qxb4 dxc5 20.Qb2 f6 21.Rec1 O-O 22.Qb3 Qf7
23.Nb2 Kh7 24.a4 Bc8 25.a5 Nd7 26.Nbc4 Qh5 27.Nf1 Kh8 28.axb6 cxb6 29.f3 Nh6
30.Qb5 Rxa1 31.Rxa1 Nf7 32.Nfe3 Ng5 33.Kf2 Nh7 34.Qc6 g6 35.Nd6 f5 36.Nxc8 fxe4
37.Rh1 Rxf3+ 38.Ke2 Rxe3+ 39.Kxe3 Qg5+ 40.Ke2 Nf6 41.Nd6 Qg4+ 42.Kd2 e3+
43.Kc1 Qe2 44.Qc8+ Ng8 45.Rxh7+ Kxh7 46.Qd7+ Ne7 47.Qxe7+ Kg8 48.Ne4  1-0

[Event "Oberliga Nord O9798"]
[Site "Germany"]
[Date "1997.??.??"]
[Round "?"]
[White "Dimitrijeski, Boris"]
[Black "Jacobs, Joachim"]
[Result "1/2-1/2"]
[WhiteElo "2205"]
[BlackElo "2205"]

1.d4 Nf6 2.c4 e6 3.Nf3 Bb4+ 4.Bd2 Qe7 5.Nc3 O-O 6.g3 b6 7.Bg2 Bb7 8.O-O d6
9.Rc1 Nbd7 10.a3 Bxc3 11.Bxc3 c5 12.b4 cxd4 13.Nxd4 Bxg2 14.Kxg2 Rfc8 15.Nb3 Rc7
16.Qd3 Rac8 17.e4 Ng4 18.Nd2 Nge5 19.Qd4  1/2-1/2

[Event "Oberliga Ost B9798"]
[Site "Germany"]
[Date "1997.??.??"]
[Round "?.5"]
[White "Jordan, Raul"]
[Black "Traudes, Wolfgang"]
[Result "1/2-1/2"]
[WhiteElo "2160"]
[BlackElo "2195"]

1.d4 Nf6 2.c4 e6 3.Nf3 Bb4+ 4.Bd2 c5 5.Bxb4 cxb4 6.e3 O-O 7.Bd3 d6 8.O-O Re8
9.Qc2 e5 10.Nbd2 Bg4 11.dxe5 dxe5 12.Ng5 h6 13.Nge4 Nbd7 14.h3 Be6 15.Rac1 b6
16.Rfd1 Qc7 17.Qa4 a5 18.a3 Nxe4 19.Bxe4 Nc5 20.Qc6 Rac8 21.Qxc7 Rxc7 22.axb4 axb4
23.b3 Rd8 24.Bc2 Rcd7 25.Nf3 Rxd1+ 26.Rxd1 Rxd1+ 27.Bxd1 f6 28.Bc2 Kf8 29.Kf1 Ke7
30.Ke2 Kd6 31.Ne1 Bd7 32.Nd3 Bf5 33.Nxc5 Bxc2 34.Kd2 bxc5 35.Kxc2 e4 36.Kd2 g5
37.Ke2 Ke5 38.Kf1 h5 39.Ke2 f5 40.Kf1 f4 41.Kg1  1/2-1/2

[Event "Oberliga Ost B9798"]
[Site "Germany"]
[Date "1997.??.??"]
[Round "?.2"]
[White "Teske, Henrik"]
[Black "Gmeiner, Peter"]
[Result "1-0"]
[WhiteElo "2515"]
[BlackElo "2250"]

1.d4 Nf6 2.c4 e6 3.Nf3 Bb4+ 4.Bd2 a5 5.g3 b6 6.Bg2 Bb7 7.O-O Bxd2 8.Qxd2 O-O
9.Nc3 Ne4 10.Nxe4 Bxe4 11.Rac1 d6 12.Rfd1 Qe7 13.Qe3 Bb7 14.c5 Bd5 15.cxb6 cxb6
16.Ng5 Bxg2 17.Kxg2 Na6 18.d5 e5 19.Rc6 Nb4 20.Rxb6 Nxa2 21.Ne4 Rfd8 22.Nxd6 Rxd6
23.Qa3 Nb4 24.Rxb4 Qd8 25.Rb5 f5 26.Qc3 e4 27.Ra1 a4 28.Qd4 Qd7 29.Rxa4 Rxa4
30.Qxa4  1-0

[Event "BL2-N9798"]
[Site "Germany"]
[Date "1997.??.??"]
[Round "1.1"]
[White "Polak, Tomas"]
[Black "Murdzia, Piotr"]
[Result "1-0"]
[WhiteElo "2470"]
[BlackElo "2410"]

1.d4 Nf6 2.c4 e6 3.Nf3 Bb4+ 4.Bd2 a5 5.g3 O-O 6.Bg2 d6 7.O-O Bxd2 8.Qxd2 Nbd7
9.Nc3 e5 10.Rad1 Re8 11.e4 exd4 12.Nxd4 Nc5 13.Rfe1 Bg4 14.f3 Bd7 15.b3 h6
16.Kh1 Qb8 17.a3 Qa7 18.b4 axb4 19.axb4 Ne6 20.Nc2 Rad8 21.Ra1 Qb8 22.f4 c6
23.Rad1 Bc8 24.Qf2 Qc7 25.h3 b6 26.Rd2 Bb7 27.Red1 c5 28.b5 Nf8 29.Re1 Rd7
30.Kh2 Rde7 31.Rde2 Qb8 32.Bf3 Qa8 33.Qg2 Ng6 34.Ra1 Qc8 35.Ne3 Rd7 36.Rd1 Rdd8
37.Red2 Qa8 38.Ra2 Qc8 39.Re2 Qa8 40.Nf5 Qa5 41.Re3 Ne7 42.Nxd6 Rxd6 43.Rxd6 Nf5
44.Rdd3 Nxe3 45.Rxe3 Rd8 46.e5 Nh7 47.Nd5 Nf8 48.Ne7+ Kh8 49.Nc6  1-0

[Event "BL2-N9798"]
[Site "Germany"]
[Date "1997.??.??"]
[Round "3.1"]
[White "Lamprecht, Frank"]
[Black "Lagunow, Alexander"]
[Result "1/2-1/2"]
[WhiteElo "2410"]
[BlackElo "2450"]

1.d4 Nf6 2.c4 e6 3.Nf3 Bb4+ 4.Bd2 c5 5.Bxb4 cxb4 6.Nbd2 O-O 7.e3 d6 8.Bd3 Nc6
9.O-O e5 10.Qc2 Bg4 11.d5 Nb8 12.Ng5 g6 13.f3 Bc8 14.Nge4 Nxe4 15.Nxe4 f5
16.Nf2 Na6 17.Qd2 Qb6 18.a4 bxa3 19.Rxa3 Bd7 20.Qa5 Qxa5 21.Rxa5 Nb4 22.Rfa1 a6
23.c5 dxc5 24.Rxc5 Rac8 25.Rxc8 Rxc8 26.e4 Kf7 27.Re1 f4 28.Bb1 Ke7 29.Nd3 Nxd3
30.Bxd3 Kd6 31.g3 Rf8 32.Kf2 a5 33.Rg1 fxg3+ 34.hxg3 g5 35.Ke3  1/2-1/2

[Event "Excelsior Cup"]
[Site "Gothenborg"]
[Date "1997.??.??"]
[Round "4"]
[White "Hillarp Persson, Tiger"]
[Black "Sjoberg, Mats"]
[Result "1/2-1/2"]
[WhiteElo "2475"]
[BlackElo "2430"]

1.d4 Nf6 2.c4 e6 3.Nf3 Bb4+ 4.Bd2 Qe7 5.Nc3 b6 6.g3 Bb7 7.Bg2 O-O 8.O-O d6
9.d5 c6 10.Nh4 cxd5 11.Nxd5 Nxd5 12.cxd5 Bxd2 13.Qxd2 e5 14.Nf5 Qd7 15.e4 Na6
16.b4 f6 17.Rfc1 g6 18.Ne3 Rac8 19.Bf1 Rxc1 20.Rxc1 Rc8 21.Rc6 Nc7 22.Rc2 Nb5
23.Rxc8+ Bxc8 24.Nc2 a6 25.a4 Na7 26.b5 axb5 27.axb5 Nxb5 28.Qb4 Qc7 29.Qxb5 Qxc2
30.Qe8+ Kg7 31.Qe7+ Kg8 32.Qe8+ Kg7 33.Qe7+ Kg8 34.Qxf6 Qc1 35.Qd8+ Kg7 36.Qe7+ Kg8
37.Qd8+ Kf7 38.Qxb6 Bh3 39.Qb5 g5 40.Qc4 Qb1 41.Qb5 Qc1 42.Qc4 Qb1 43.Qe2 Bxf1
44.Qxf1 Qxe4 45.Qb5  1/2-1/2

[Event "Excelsior Cup"]
[Site "Gothenborg"]
[Date "1997.??.??"]
[Round "6"]
[White "Gretarsson, Helgi Ass"]
[Black "Sjoberg, Mats"]
[Result "1-0"]
[WhiteElo "2470"]
[BlackElo "2430"]

1.d4 Nf6 2.c4 e6 3.Nf3 Bb4+ 4.Bd2 Qe7 5.g3 Nc6 6.Nc3 O-O 7.Bg2 Na5 8.b3 b6
9.O-O Bb7 10.Qc2 Rfc8 11.Rfe1 Bxc3 12.Bxc3 Be4 13.Qb2 c6 14.Bxa5 bxa5 15.c5 Rcb8
16.Qa3 Bxf3 17.Bxf3 Rb4 18.Rad1 Qd8 19.e4 Qc7 20.d5 e5 21.d6 Qd8 22.Qb2 Qe8
23.a3 Rb7 24.Qc2 Rab8 25.Rb1 Qe6 26.Re3 a4 27.b4 a5 28.Qxa4 axb4 29.Reb3 Qc4
30.Rxb4 Rxb4 31.Rxb4 Qc1+ 32.Qd1 Qxd1+ 33.Bxd1 Rxb4 34.axb4 Nxe4 35.Bg4 Nf6
36.Bxd7 Nxd7 37.b5  1-0

[Event "Groningen op"]
[Site "Groningen"]
[Date "1997.??.??"]
[Round "7"]
[White "Pyda, Zbigniew"]
[Black "Grabarczyk, Miroslaw"]
[Result "1-0"]
[WhiteElo "2295"]
[BlackElo "2480"]

1.d4 Nf6 2.c4 e6 3.Nf3 Bb4+ 4.Bd2 Qe7 5.Nc3 b6 6.g3 Bb7 7.Bg2 O-O 8.O-O c5
9.d5 d6 10.Nh4 exd5 11.Nxd5 Nxd5 12.cxd5 Bxd2 13.Qxd2 f5 14.e4 fxe4 15.Rae1 Nd7
16.Rxe4 Qf7 17.Re6 Ne5 18.f4 Ng4 19.Rfe1 Rae8 20.Nf5 Qh5 21.h3 Rxe6 22.dxe6 Bxg2
23.Kxg2 Qxf5 24.hxg4 Qxg4 25.e7 Re8 26.Qd5+ Kh8 27.Qf7 Qc8 28.f5 c4 29.Kh2 c3
30.bxc3 b5 31.f6 gxf6 32.Qxf6+ Kg8 33.Rf1  1-0

[Event "Wichern op"]
[Site "Hamburg"]
[Date "1997.??.??"]
[Round "2"]
[White "Van der Sterren, Paul"]
[Black "Meyer, Frank"]
[Result "1/2-1/2"]
[WhiteElo "2555"]
[BlackElo "2105"]

1.d4 Nf6 2.c4 e6 3.Nf3 Bb4+ 4.Bd2 Qe7 5.g3 Ne4 6.Bg2 O-O 7.O-O Bxd2 8.Nbxd2 Nxd2
9.Qxd2 d6 10.e4 e5 11.h3 c5 12.d5 h6 13.a3 a5 14.Rae1 Bd7 15.Nh2 b5 16.f4 bxc4
17.Nf3 Bb5 18.Rf2 Nd7 19.Bf1 a4 20.Qc3 Rfb8 21.Bxc4 Bxc4 22.Qxc4 Rb3 23.Kg2 Qf6
24.Qc1 Rab8 25.f5 Qd8 26.Rc2 Qb6 27.Ree2 Qb5 28.Nh2 Nf6 29.Nf1 Qd3 30.Qe3 Qxe3
31.Nxe3 Nxe4 32.g4 Nf6 33.Rcd2 Ne8 34.Nc4 Kf8 35.h4 f6 36.Re3 Rxe3 37.Nxe3 Nc7
38.Nc4 Ke7 39.Rd3 Rb3 40.Rxb3 axb3 41.Nb6 c4 42.Nxc4 Nxd5 43.Kf3 Nf4 44.Nd2 Nd3
45.Ke4 Nxb2 46.Nxb3 Kd7 47.Na5 Na4 48.Nc4 Kc7 49.Ne3 Kc6 50.Nf1 d5+ 51.Kf3 d4
52.Ng3 Kd5 53.Nh5 e4+ 54.Kf2 e3+ 55.Kf3 Nc3 56.a4 Kc4 57.a5 Kd3 58.a6 Nb5
59.Ng3 Na7 60.Ne2 Nc6 61.Ng3 Kc4 62.Nh5 Kc3 63.Ng3 Kd3 64.Ne2 Kd2 65.Ng3 Kd1
66.h5 Kc2 67.Ne4 Kd3 68.Nc5+ Kc4 69.Ne6 Kd3 70.Nc5+ Kd2 71.Nb3+ Kc3 72.Nc5 Kb4
73.Ne6 Kc3 74.Nc5 Kd2 75.Nb3+ Kd3 76.Nc5+ Kd2  1/2-1/2

[Event "Wichern op"]
[Site "Hamburg"]
[Date "1997.??.??"]
[Round "3"]
[White "Chuchelov, Vladimir"]
[Black "Meier, Volker"]
[Result "1-0"]
[WhiteElo "2540"]
[BlackElo "2285"]

1.d4 Nf6 2.Nf3 e6 3.c4 Bb4+ 4.Bd2 Qe7 5.g3 Nc6 6.Nc3 Bxc3 7.Bxc3 Ne4 8.Rc1 Nxc3
9.Rxc3 d6 10.Bg2 O-O 11.O-O a5 12.d5 Nd8 13.dxe6 fxe6 14.e4 e5 15.c5 Be6
16.cxd6 cxd6 17.Qd2 Nf7 18.Rfc1 b5 19.a3 Rfb8 20.h4 h6 21.Kh2 b4 22.Rc7 Qe8
23.Bh3 bxa3 24.bxa3 Rb3 25.R1c3 a4 26.Bxe6 Qxe6 27.Qe3 Rxc3 28.Qxc3 Rb8 29.Nd2 g5
30.h5 Qg4 31.Kg2 Qxh5 32.Rc8+ Rxc8 33.Qxc8+ Kg7 34.Nc4 Qg6 35.Qb7 Qe6 36.Ne3 h5
37.Qa8 Nh6 38.Qxa4 h4 39.Qc4 Qd7 40.Qd5 hxg3 41.Kxg3 Qe7 42.Nc4 Nf7 43.a4 Qf6
44.Kg2 g4 45.Qd3 Qg6 46.a5 Ng5 47.Nxd6 Nf3 48.Nf5+ Kh8 49.Qd8+ Kh7 50.Qe7+ Kh8
51.a6  1-0

[Event "Wichern op"]
[Site "Hamburg"]
[Date "1997.??.??"]
[Round "5"]
[White "Grabliauskas, Virginijus"]
[Black "Van der Sterren, Paul"]
[Result "0-1"]
[WhiteElo "2445"]
[BlackElo "2555"]

1.d4 Nf6 2.c4 e6 3.Nf3 Bb4+ 4.Bd2 Qe7 5.g3 Nc6 6.Nc3 O-O 7.Bg2 Bxc3 8.Bxc3 Ne4
9.Qc2 Nxc3 10.Qxc3 d6 11.O-O e5 12.d5 Nb8 13.c5 Na6 14.b4 Re8 15.Rac1 e4
16.Nd4 Qe5 17.Qc4 dxc5 18.bxc5 Rd8 19.d6 cxd6 20.cxd6 Qxd6 21.Nb3 Bf5 22.Qb5 Qd7
23.a4 h6 24.Rc4 Be6 25.Rxe4 Bxb3  0-1

[Event "Helsinki We SKFC 2 op"]
[Site "Helsinki"]
[Date "1997.??.??"]
[Round "1"]
[White "Veingold, Aleksandr"]
[Black "Raisa, Unto"]
[Result "1-0"]
[WhiteElo "2460"]
[BlackElo "2195"]

1.d4 Nf6 2.Nf3 e6 3.c4 Bb4+ 4.Bd2 Qe7 5.g3 O-O 6.Bg2 Bxd2+ 7.Qxd2 d6 8.Nc3 e5
9.O-O c6 10.e4 Bg4 11.Ne1 Be6 12.b3 c5 13.d5 Bd7 14.Nd3 Ne8 15.b4 Na6 16.b5 Nac7
17.f4 f6 18.a4 g6 19.a5 Ng7 20.Nxc5 dxc5 21.d6 Qd8 22.dxc7 Qxc7 23.b6 Qd8
24.fxe5 fxe5 25.Rxf8+ Kxf8 26.Rd1 Ke8 27.Qh6 Ne6 28.Qxh7 Nf8 29.Qh8 Qg5 30.Nd5 Rd8
31.Qg7  1-0

[Event "Helsinki We SKF op"]
[Site "Helsinki"]
[Date "1997.??.??"]
[Round "5"]
[White "Veingold, Aleksandr"]
[Black "Kiik, Kalle"]
[Result "1/2-1/2"]
[WhiteElo "2460"]
[BlackElo "2380"]

1.d4 Nf6 2.Nf3 e6 3.c4 Bb4+ 4.Bd2 Qe7 5.g3 Nc6 6.Nc3 d5 7.a3 Bxc3 8.Bxc3 a5
9.Bg2 O-O 10.O-O Rd8 11.b3 Bd7 12.Qc2 Ne4 13.Bb2 Be8 14.Nh4 Nf6 15.Rac1 Rac8
16.Rfd1 Nb8 17.Qd2 a4 18.b4 c6 19.Qc2 b5  1/2-1/2

[Event "HUN-chT 9798"]
[Site "Hungary"]
[Date "1997.??.??"]
[Round "?"]
[White "Peter, Ambrus"]
[Black "Vincze, Istvan"]
[Result "1-0"]
[WhiteElo "2455"]
[BlackElo "2300"]

1.d4 Nf6 2.c4 e6 3.Nf3 Bb4+ 4.Bd2 c5 5.Bxb4 cxb4 6.g3 b6 7.Bg2 Bb7 8.O-O O-O
9.Nbd2 d6 10.Qb3 a5 11.a3 Na6 12.Ne1 Bxg2 13.Nxg2 e5 14.Qd3 Qc7 15.Ne3 Qb7
16.Nf5 Rad8 17.Qe3 Ne8 18.Rfd1 g6 19.Nh6+ Kg7 20.dxe5 dxe5 21.Ng4 f6 22.Ne4 Qc7
23.Qh6+ Kg8 24.Ne3 Nd6 25.Nd5 Qg7 26.Qxg7+ Kxg7 27.Nxd6 Rxd6 28.axb4 Nxb4
29.Nxb4 Rxd1+ 30.Rxd1 axb4 31.Rd6 Rb8 32.Rd7+ Kg8 33.e4 b5 34.c5 Rc8 35.Rd5 Kf7
36.Kf1 Ke6 37.Ke2 f5 38.Kd3 Rc7 39.f3 h5 40.Rd6+ Kf7 41.c6 h4 42.gxh4 f4
43.Kc2 Rc8 44.Kb3 Ke7 45.Rxg6 Rh8 46.Kxb4 Rxh4 47.c7 Kd7 48.Rc6 Kc8 49.Kxb5 Rxh2
50.b4 Re2 51.Kb6 Rd2 52.b5 Rd3  1-0

[Event "HUN-chT 9798"]
[Site "Hungary"]
[Date "1997.??.??"]
[Round "?"]
[White "Farago, Ivan"]
[Black "Csom, Istvan"]
[Result "1-0"]
[WhiteElo "2470"]
[BlackElo "2460"]

1.d4 Nf6 2.c4 e6 3.Nf3 Bb4+ 4.Bd2 c5 5.Bxb4 cxb4 6.g3 O-O 7.Bg2 d6 8.O-O Re8
9.Qd3 Nc6 10.d5 exd5 11.cxd5 Nb8 12.Nbd2 a5 13.e4 Na6 14.Qd4 Nc7 15.Rfe1 Bg4
16.Nh4 Nb5 17.Qd3 Bd7 18.Nc4 Rc8 19.Rac1 Rc5 20.f4 Ng4 21.h3 Rxc4 22.Qxc4 Qb6+
23.Kh1 Qf2 24.hxg4 Qxg3 25.Nf3 Qxg4 26.e5 Rc8 27.Qe4  1-0

[Event "Joensuu We JoeSK"]
[Site "Joensuu"]
[Date "1997.??.??"]
[Round "4"]
[White "Birjukov, Sergei"]
[Black "Kiik, Kalle"]
[Result "0-1"]
[WhiteElo "2260"]
[BlackElo "2380"]

1.d4 Nf6 2.Nf3 e6 3.c4 Bb4+ 4.Bd2 Qe7 5.g3 Nc6 6.Bg2 Bxd2+ 7.Nbxd2 d6 8.Nf1 e5
9.Ne3 O-O 10.O-O e4 11.Ne1 Nb8 12.b4 c6 13.N1c2 d5 14.cxd5 cxd5 15.Qd2 Be6
16.Rfc1 Nbd7 17.a4 Rfc8 18.Na3 a6 19.a5 h5 20.h4 Ne8 21.Rab1 g6 22.Nd1 Nd6
23.Nb2 Nf5 24.e3 g5 25.hxg5 Qxg5 26.Rxc8+ Rxc8 27.Rc1 Rxc1+ 28.Qxc1 h4 29.Qc7 hxg3
30.Nc2 gxf2+ 31.Kxf2 Nf6 32.Nd1 Nh5 33.Qh2 Nfg3 34.Ke1 f5 35.Bh3 Bf7 36.Nf2 Kf8
37.Qg2 f4  0-1

[Event "Klatovy op-B"]
[Site "Klatovy"]
[Date "1997.??.??"]
[Round "?"]
[White "Seibt, J."]
[Black "Kuchta, J."]
[Result "0-1"]
[WhiteElo "1665"]
[BlackElo "1610"]

1.d4 Nf6 2.c4 e6 3.Nf3 Bb4+ 4.Bd2 Qe7 5.Nc3 O-O 6.a3 Bxc3 7.Bxc3 d6 8.Qc2 b6
9.g3 Bb7 10.Bg2 Be4 11.Qd2 c5 12.O-O Rd8 13.Rfd1 Na6 14.Ng5 Bxg2 15.Kxg2 h6
16.Nf3 Ne4 17.Qd3 Nxc3 18.Qxc3 d5 19.Ne5 cxd4 20.Rxd4 Rac8 21.Qf3 f6 22.Ng6 Qf7
23.Nh4 dxc4 24.Rxd8+ Rxd8 25.Qc3 Qb7+ 26.Nf3 Qd5 27.Re1 e5 28.e4 Qd3 29.Re3 Qxc3
30.Rxc3 b5 31.b3 Rd3 32.Rxd3 cxd3 33.b4 Nc7 34.Kf1 Ne8 35.Ke1 Nd6 36.Nd2 Nc4
37.Nb1 Kf7 38.Nc3 a6 39.a4 d2+ 40.Kd1 Nb2+ 41.Kxd2 Nxa4 42.Nd5 Ke6 43.Nc7+ Kd7
44.Nd5 Kd6 45.f3 Nb2 46.g4 Nc4+ 47.Kd3 a5 48.bxa5 Nxa5 49.Kc3 Nc6 50.Ne3 Kc5
51.Ng2 b4+ 52.Kd2 Nd4 53.Ne1 Kc4 54.h4 b3 55.Kc1 Kc3 56.h5 b2+ 57.Kb1 Nb3  0-1

[Event "Klatovy op-B"]
[Site "Klatovy"]
[Date "1997.??.??"]
[Round "?"]
[White "Kaspar, J."]
[Black "Verner, Pavel"]
[Result "1-0"]
[WhiteElo "1760"]
[BlackElo "1940"]

1.d4 Nf6 2.c4 e6 3.Nf3 Bb4+ 4.Bd2 a5 5.a3 Be7 6.Nc3 d5 7.e3 O-O 8.Rc1 Nbd7
9.cxd5 exd5 10.Bd3 c6 11.O-O Bd6 12.e4 dxe4 13.Bxe4 h6 14.h3 Re8 15.Re1 Nf8
16.Bc2 Be6 17.Be3 Ng6 18.Ne4 Nxe4 19.Bxe4 a4 20.Kh1 Nf4 21.Ne5 Qh4 22.Bxf4 Qxf4
23.Qf3 Qxf3 24.Bxf3 f6 25.Nxc6 Bb3 26.Rxe8+ Rxe8 27.Na5 Bf4 28.Rf1 Bc2 29.g3 Bd2
30.Nxb7 Rb8 31.Bc6 f5 32.f3 Be3 33.d5 Bd3 34.Re1 Bf2 35.Re8+ Rxe8 36.Bxe8 Ba6
37.Bc6 Bxg3 38.Nc5 Be2 39.Kg2 Bd6 40.Nxa4 Bd3 41.Nc3 Kf7 42.Bb5 Bc2 43.Bc4 Kf6
44.b4 Ke5 45.Nb5 Be7 46.Na7 Bh4 47.Nc6+ Kd6 48.Nd4 Bb1 49.Kf1 Bf6 50.Nb5+ Ke5
51.Ke2 Bc2 52.Nc7 Kd4 53.Ba6 Be5 54.d6 Ba4 55.Bd3 Bxd6 56.Ne6+ Kc3 57.Nxg7 f4
58.Nf5 Bf8 59.b5 Bxa3 60.b6 Bc5 61.b7 Ba7 62.Nxh6 Bc6 63.Be4 Bb5+ 64.Ke1 Kd4
65.h4 Ke5 66.Ng4+ Kd6 67.h5 Kc7 68.Nf6  1-0

[Event "RUS-ch (Women) sf"]
[Site "Kolontaevo"]
[Date "1997.??.??"]
[Round "?"]
[White "Zhurina, Elizaveta"]
[Black "Svistun, Olga"]
[Result "1/2-1/2"]
[WhiteElo "2235"]
[BlackElo "2180"]

1.d4 Nf6 2.Nf3 e6 3.c4 Bb4+ 4.Bd2 Qe7 5.g3 b6 6.Bg2 Bb7 7.O-O O-O 8.a3 Bxd2
9.Nbxd2 d6 10.Qc2 c5 11.e4 cxd4 12.Nxd4 a6 13.b4 Nbd7 14.Rfe1 Nb8 15.N2b3 Qc7
16.Rac1 Nbd7 17.Qe2 Rac8 18.a4 Rfd8 19.Rc2 Qb8 20.a5 Ba8 21.Rb2 Qa7 22.Ra1 Qc7
23.Rc1 Qa7 24.Nc2 Ne8 25.Ne1 Rc7 26.Nd3 Rdc8 27.Rbc2 Nef6 28.h3 Bc6 29.Kh2 Ne8
30.Qe3 Qb8 31.axb6 Qxb6 32.Qxb6 Nxb6 33.c5 Nd7 34.Ra2 dxc5 35.Nbxc5 Nxc5
36.Nxc5 Nd6 37.Rd1  1/2-1/2

[Event "RUS-ch (Women) sf"]
[Site "Kolontaevo"]
[Date "1997.??.??"]
[Round "?"]
[White "Minogina, Tanam"]
[Black "Ovchinikova, Julia"]
[Result "1-0"]
[WhiteElo "2245"]
[BlackElo "2235"]

1.d4 Nf6 2.c4 e6 3.Nf3 Bb4+ 4.Bd2 Be7 5.Nc3 d5 6.Bg5 O-O 7.e3 Nbd7 8.Rc1 a6
9.cxd5 exd5 10.Bd3 c6 11.O-O Re8 12.Bf4 Nf8 13.h3 Ng6 14.Bh2 Bd6 15.Bxd6 Qxd6
16.Qc2 Qe7 17.a3 Kh8 18.b4 Ne4 19.Bxe4 dxe4 20.Nd2 f5 21.Ne2 Be6 22.Qc5 Qh4
23.f4 exf3 24.Nxf3 Qh6 25.Rc3 Bd5 26.Ng3 Rxe3 27.Nxf5 Rxc3 28.Qxc3 Qf4 29.Ne5 Qe4
30.Qg3 Be6 31.Nxg6+ hxg6 32.Qxg6 Bxf5 33.Rxf5 Qe8 34.Rh5+ Kg8 35.Qh7+  1-0

[Event "Komarno op"]
[Site "Komarno"]
[Date "1997.??.??"]
[Round "?"]
[White "Sergeev, Vladimir"]
[Black "Velicka, Petr"]
[Result "1-0"]
[WhiteElo "2460"]
[BlackElo "2405"]

1.d4 Nf6 2.c4 e6 3.Nf3 Bb4+ 4.Bd2 Qe7 5.g3 b6 6.Bg2 Bb7 7.O-O Bxd2 8.Qxd2 O-O
9.Nc3 d6 10.d5 a5 11.Ne1 Na6 12.Nd3 Nc5 13.Nxc5 bxc5 14.b3 exd5 15.cxd5 Nd7
16.Rfe1 Nb6 17.a4 Ba6 18.e4 f6 19.Bf1 Bxf1 20.Kxf1 Nd7 21.Nb5 Ne5 22.Kg2 Rfe8
23.Re2 Qd7 24.f4 Nf7 25.Rae1 Reb8 26.Re3 Kh8 27.Kh1 Rb7 28.Qc2 Kg8 29.Qc3 Kh8
30.Kg2 Kg8 31.R1e2 Kh8 32.Qc2 Kg8 33.Qc3 Kh8 34.Qd3 Kg8 35.Re1 Kh8 36.Qc4 Re8
37.R1e2 Ra8 38.Qc3 Kg8 39.Kg1 Kh8 40.Re1 Kg8 41.Qd2 Kh8 42.Qe2 Kg8 43.Qh5 Nh6
44.Qd1 Nf7 45.Na3 Rb4 46.Nc4 h6 47.Kg2 Kh8 48.Qh5 Kg8 49.Qg6 Rxc4 50.bxc4 Qxa4
51.Qg4 Qxc4 52.Qe2 Qb4 53.Qc2 Rb8 54.Ra1 Nd8 55.Ra4 Qb2 56.Re2 Qxc2 57.Rxc2 Rb5
58.Raa2 Kf8 59.Rcb2 Rb4 60.Rxb4 axb4 61.Kf3 Ke7 62.Ke3 Kd7 63.Kd3 Kc8 64.Kc4 Kd7
65.h4 h5 66.g4 hxg4 67.Rg2 f5 68.exf5 Ke7 69.Rxg4 Kf7 70.Kb5 Kf6 71.Rg6+ Kxf5
72.Rxg7 b3 73.h5 b2 74.Rg1 Nf7 75.Rb1 Kxf4 76.Rxb2 Kg5 77.Rh2 c4 78.Kxc4 Kh6
79.Kb5 Ne5 80.Rh1 Nd3 81.Rh2 Ne5 82.Rh3 Kh7 83.h6 Kh8 84.h7 Ng6 85.Rh1 Ne7
86.Rh5 Ng6 87.Kc6 Nf4 88.Rh2 Nd3 89.Kxc7 Ne5 90.Kxd6 Ng4  1-0

[Event "SLO-ch"]
[Site "Krsko"]
[Date "1997.??.??"]
[Round "?"]
[White "Soln, Primoz"]
[Black "Jazbinsek, Sebastjan"]
[Result "1/2-1/2"]
[WhiteElo "2325"]
[BlackElo "2210"]

1.d4 Nf6 2.Nf3 e6 3.c4 Bb4+ 4.Bd2 Qe7 5.g3 O-O 6.Bg2 d5 7.O-O Bxd2 8.Nbxd2 Nc6
9.Qc2 Rd8 10.Rfd1 Bd7 11.a3 a5 12.b3 Be8 13.e4 dxe4 14.Nxe4 Nxe4 15.Qxe4 g6
16.Re1 Rd7 17.Qf4 Qd6 18.Qf6 Rad8 19.Re4 Qe7 20.Qxe7 Rxe7 21.Rd1 Red7 22.d5 Kf8
23.Ne5 Nxe5 24.Rxe5 exd5 25.Rdxd5 Rxd5 26.Rxd5 Rxd5 27.Bxd5 b6 28.b4 axb4
29.axb4 c5 30.bxc5 bxc5 31.f4 Ke7 32.Kf2 Bd7 33.Ke3 Kf6 34.Kd3  1/2-1/2

[Event "Gran Canaria op"]
[Site "Las Palmas"]
[Date "1997.??.??"]
[Round "?"]
[White "Lopez Colon, Francisco"]
[Black "Merino Garcia, Rafael"]
[Result "1/2-1/2"]
[WhiteElo "2245"]
[BlackElo "2285"]

1.d4 Nf6 2.c4 e6 3.Nf3 Bb4+ 4.Bd2 Qe7 5.g3 Nc6 6.Bg2 Bxd2+ 7.Nbxd2 a5 8.O-O d6
9.e4 e5 10.d5 Nb8 11.Ne1 h5 12.h3 Nbd7 13.a3 a4 14.Nd3 h4 15.g4 Nc5 16.Nxc5 dxc5
17.Qe2 Nd7 18.Nb1 Nf8 19.f4 exf4 20.Rxf4 Ng6 21.Rf2 O-O 22.Nd2 Bd7 23.Nf3 Rae8
24.Re1 f6 25.Qe3 Qd6 26.Rc2 b6 27.Rc3 Re7 28.Qf2 Qf4 29.Nd2 Rfe8 30.Qxf4 Nxf4
31.Kf2 c6 32.Rce3 cxd5 33.cxd5 Bb5 34.b3 axb3 35.Rxb3 Ba4 36.Rc3 Bb5 37.Rb3 Ba4
38.Rc3 g6 39.Bf1 Kg7 40.Bc4 b5 41.Bb3 Bxb3 42.Rxb3 Rb8 43.Reb1 c4 44.Nxc4 Rxe4
45.Nd6 Re7 46.Rxb5  1/2-1/2

[Event "Leeuwarden op"]
[Site "Leeuwarden"]
[Date "1997.??.??"]
[Round "1"]
[White "Ernst, Sipke"]
[Black "Ligterink, Gert"]
[Result "1/2-1/2"]
[WhiteElo "2270"]
[BlackElo "2450"]

1.d4 Nf6 2.Nf3 e6 3.c4 Bb4+ 4.Bd2 Qe7 5.g3 Nc6 6.Bg2 Bxd2+ 7.Nbxd2 d6 8.O-O a5
9.e4 e5 10.d5 Nb8 11.Ne1 O-O 12.Nd3 Na6 13.b3 Bg4 14.f3 Bd7 15.a3 c6 16.Qe2 Rfe8
17.Qe3 cxd5 18.cxd5 Bb5 19.Rfc1 Nd7 20.Nc4 Bxc4 21.Rxc4 Nac5 22.Nxc5 Nxc5
23.Rac1 b5 24.R4c2 b4 25.a4 g6 26.Bh3 Ra7 27.Rxc5 dxc5 28.Qxc5 Qxc5+ 29.Rxc5 Rd8  1/2-1/2

[Event "Leeuwarden op"]
[Site "Leeuwarden"]
[Date "1997.??.??"]
[Round "7"]
[White "Van Wely, Loek"]
[Black "Ulibin, Mikhail"]
[Result "1/2-1/2"]
[WhiteElo "2655"]
[BlackElo "2535"]

1.Nf3 Nf6 2.d4 e6 3.c4 Bb4+ 4.Bd2 Bxd2+ 5.Qxd2 O-O 6.g3 d6 7.Bg2 Nc6 8.Nc3 e5
9.O-O Bg4 10.e3 Qd7 11.Nd5 Ne4 12.Qd3 Bxf3 13.Bxf3 Ng5 14.Bg2 f5 15.f4 exf4
16.gxf4 Ne6 17.b4 Ncd8 18.Qa3 Nf7 19.b5 a6 20.Qb3 Nfd8 21.a4 Kh8 22.a5 Rf7
23.Qd3 Qe8 24.Nb4 c6 25.bxc6 bxc6 26.Rab1 Nf8 27.Rfc1 Ng6 28.Kf2 Nh4 29.Bh1 Rf6
30.Rg1 Rh6 31.Rg3 Ng6 32.Qxf5 Rxh2+ 33.Kg1 Rh6 34.Qg4 Rxh1+ 35.Kxh1 Qe4+
36.Kh2 Qxb1 37.Qd7 Nf7 38.Qxf7 Qxb4 39.f5 Rf8 40.Qd7 Qd2+ 41.Kh3 Qd1 42.fxg6 Qh1+
43.Kg4 Qe4+ 44.Kh3 Qh1+ 45.Kg4 Qe4+ 46.Kh3 hxg6 47.Kh2 Rb8 48.Qh3+ Kg8 49.Rf3 g5
50.Kg3 Rb3 51.Qh5 Qh4+ 52.Qxh4 gxh4+ 53.Kxh4 Rc3 54.Kg5 Rxc4 55.Kf5 Kf7 56.Ke4+ Ke6
57.Rg3 d5+ 58.Kd3 Kf6 59.Rf3+ Ke7 60.Rg3 Kf7 61.Rf3+ Kg8 62.Rf1 Ra4 63.Rc1 Rxa5
64.Rxc6 Kf7 65.Ke2 g5 66.Kf3 Ke7  1/2-1/2

[Event "Anibal op 4th"]
[Site "Linares"]
[Date "1997.??.??"]
[Round "1"]
[White "Avrukh, Boris"]
[Black "Garcia Ares, Felix"]
[Result "1-0"]
[WhiteElo "2520"]
[BlackElo "2250"]

1.d4 Nf6 2.c4 e6 3.Nf3 Bb4+ 4.Bd2 a5 5.g3 b6 6.Bg2 Bb7 7.O-O O-O 8.Qc2 Be4
9.Qc1 Bb7 10.Rd1 Ne4 11.Bf4 Bd6 12.Be3 Qc8 13.d5 Na6 14.Nd4 exd5 15.cxd5 Re8
16.Nf5 Bc5 17.Bxe4 Rxe4 18.Bxc5 Nxc5 19.Nc3  1-0